[Event "Thessaloniki White Tower op-C 41th"]
[Site "Thessaloniki"]
[Date "2019.01.07"]
[Round "6.27"]
[White "Lambrinos, Athanasios Aggelos"]
[Black "Stoimenidis, Markos"]
[Result "1-0"]
[WhiteElo "1051"]
[BlackElo "830"]
[PlyCount "55"]
[EventDate "2019.01.02"]
[EventType "swiss"]
[EventRounds "6"]
[EventCountry "GRE"]
[SourceTitle "EXT 2024"]
[Source "ChessBase"]
[SourceDate "2023.10.10"]
[SourceVersion "1"]
[SourceVersionDate "2023.10.10"]
[SourceQuality "1"]

1. e4 e5 2. Nf3 Nc6 3. Bc4 Nf6 4. Nc3 Nxe4 5. Qe2 Nxc3 6. dxc3 d6 7. Ng5 d5 8. Bb3 f6 9. Nf3 Bc5 10. Be3 Bb6 11. 0-0-0 Be6 12. Ne1 Ne7 13. f4 0-0 14. fxe5 fxe5 15. Bg5 Qd7 16. Bxe7 Qxe7 17. Qxe5 Rf5 18. Qe2 Qg5+ 19. Kb1 Re5 20. Nf3 Qh5 21. Qxe5 Qxe5 22. Nxe5 c6 23. c4 dxc4 24. Bxc4 Bxc4 25. Nxc4 Bc7 26. Rd7 Bf4 27. Rxb7 Re8 28. a3 1-0